[Event "21.Wörishofen-Seniorenen op"]
[Site "Bad Wörishofen (03.03.-11.03)"]
[Date "2005.03.05"]
[Round "3.65"]
[White "Wolf, Margot"]
[Black "Salomon, Heide"]
[Result "1-0"]
[WhiteElo "1321"]
[BlackElo "1523"]
[PlyCount "129"]
[EventDate "2005.03.??"]
[Source "Chessorg"]
[SourceDate "2005.12.10"]

1. d4 d5 2. Nf3 Nf6 3. Bf4 e6 4. e3 Bd6 5. Bxd6 Qxd6 6. c3 Nc6 7. Bd3 O-O 8.
O-O Ne4 9. Nbd2 f5 10. Ne1 Bd7 11. f3 Nf6 12. e4 dxe4 13. fxe4 Ng4 14. e5 Qe7
15. Rf3 Qg5 16. Qe2 Ne7 17. h3 Nh6 18. Qe3 f4 19. Qe4 Nhf5 20. Qxf4 Qxf4 21.
Rxf4 Nd5 22. Rf2 Nfe3 23. Nef3 Nf4 24. Bf1 Bc6 25. Re1 Nf5 26. g4 Ng3 27. Kh2
Nxf1+ 28. Rexf1 Nd3 29. Re2 Nxb2 30. Ne4 Nc4 31. Ree1 Bd5 32. Kg3 h6 33. Nfd2
Nxd2 34. Rxf8+ Rxf8 35. Nxd2 b5 36. a3 Rb8 37. Rb1 Rb6 38. Nb3 Ra6 39. Nc5 Rxa3
40. Rxb5 Rxc3+ 41. Kh4 g5+ 42. Kh5 Rxh3+ 43. Kg6 Kf8 44. Kf6 Rf3+ 45. Kg6 Bc6
46. Rb8+ Ke7 47. Kxh6 Rf4 48. Kxg5 Rxd4 49. Rc8 Bf3 50. Rxc7+ Ke8 51. Nxe6
Rxg4+ 52. Kf6 Rf4+ 53. Nxf4 Bg4 54. Rxa7 Kd8 55. e6 Bxe6 56. Nxe6+ Kc8 57. Nc5
Kb8 58. Rd7 Kc8 59. Ke6 Kb8 60. Kd6 Ka8 61. Rc7 Kb8 62. Kc6 Ka8 63. Kb6 Kb8 64.
Rc6 Ka8 65. Rc8# 1-0

[Event "21.Wörishofen-Seniorenen op"]
[Site "Bad Wörishofen (03.03.-11.03)"]
[Date "2005.03.05"]
[Round "3.66"]
[White "Dombrowe, Eckehard"]
[Black "Meyts, Jozef Adolf"]
[Result "1-0"]
[WhiteElo "1631"]
[BlackElo "1200"]
[PlyCount "77"]
[EventDate "2005.03.??"]
[Source "Chessorg"]
[SourceDate "2005.12.10"]

1. f4 d5 2. Nf3 c5 3. e3 a6 4. b3 Nc6 5. Bb2 h6 6. Bd3 Bg4 7. O-O e6 8. Be2 Bf5
9. Ne5 Nge7 10. Bh5 Nxe5 11. Bxe5 Nc6 12. Bg4 Nxe5 13. fxe5 g6 14. d4 Rc8 15.
Bxf5 exf5 16. Nd2 b5 17. c3 a5 18. Rc1 c4 19. bxc4 bxc4 20. Qa4+ Ke7 21. Rb1
Ke6 22. Rb5 Ra8 23. Rfb1 Bb4 24. cxb4 axb4 25. Qxb4 Ra6 26. Nxc4 f4 27. Rb6+
Rxb6 28. Nxb6 g5 29. Qc5 fxe3 30. Qc6+ Kf5 31. Qc2+ Ke6 32. Qe2 h5 33. Qxe3 Rg8
34. Na4 Ke7 35. Rb7+ Kf8 36. Qf2 Rg7 37. e6 f6 38. e7+ Rxe7 39. Qxf6+ 1-0

[Event "21.Wörishofen-Seniorenen op"]
[Site "Bad Wörishofen (03.03.-11.03)"]
[Date "2005.03.05"]
[Round "3.67"]
[White "Buchner, Matthias"]
[Black "Winkler, Karl-Heinz[32A'see]"]
[Result "0-1"]
[WhiteElo "1456"]
[BlackElo "1634"]
[PlyCount "78"]
[EventDate "2005.03.??"]
[Source "Chessorg"]
[SourceDate "2005.12.10"]

1. e4 e5 2. Nf3 Nc6 3. d4 exd4 4. Nxd4 Nge7 5. c3 d6 6. Be2 g6 7. O-O Bg7 8.
Be3 Bd7 9. Nd2 a6 10. b4 O-O 11. a4 b6 12. N2f3 Ne5 13. Rc1 c5 14. bxc5 dxc5
15. Nxe5 Bxe5 16. Nf3 Bg7 17. Qc2 Qc7 18. Qb3 Qc6 19. Bd1 Rab8 20. Qa3 Qxe4 21.
Re1 Qb7 22. Bxc5 bxc5 23. Rxe7 Qc6 24. Bc2 Be6 25. Ng5 Qd6 26. Nxe6 fxe6 27.
Rxg7+ Kxg7 28. Rd1 Qe5 29. g3 Rf7 30. Bd3 Rbf8 31. Qb2 a5 32. Rf1 Rf3 33. Bb5
Qxc3 34. Qxc3+ Rxc3 35. Re1 Kf6 36. f4 Rd8 37. Kg2 Rd2+ 38. Kh3 Rcc2 39. Rh1 c4
0-1

[Event "21.Wörishofen-Seniorenen op"]
[Site "Bad Wörishofen (03.03.-11.03)"]
[Date "2005.03.05"]
[Round "3.68"]
[White "Hoenig, Josef"]
[Black "Seitz, Heinz[39Nbg]"]
[Result "1-0"]
[WhiteElo "1579"]
[BlackElo "1457"]
[PlyCount "53"]
[EventDate "2005.03.??"]
[Source "Chessorg"]
[SourceDate "2005.12.10"]

1. Nf3 Nf6 2. d4 e6 3. c3 c5 4. Bg5 cxd4 5. Nxd4 Be7 6. Qc2 d5 7. e3 a6 8. Bxf6
Bxf6 9. Bd3 h6 10. Nd2 Nc6 11. O-O Ne5 12. Be2 O-O 13. f4 Nc6 14. N2f3 Nxd4 15.
exd4 b5 16. Ne5 Bxe5 17. fxe5 f6 18. exf6 Rxf6 19. Rxf6 Qxf6 20. Rf1 Qe7 21.
Qg6 e5 22. dxe5 Bf5 23. Qxf5 Rf8 24. Qxf8+ Qxf8 25. Rxf8+ Kxf8 26. Bf3 Ke7 27.
Bxd5 1-0

[Event "21.Wörishofen-Seniorenen op"]
[Site "Bad Wörishofen (03.03.-11.03)"]
[Date "2005.03.05"]
[Round "3.69"]
[White "Kluge, Hans-Christof"]
[Black "Antusch, Ingrid"]
[Result "1/2-1/2"]
[WhiteElo "1566"]
[BlackElo "1422"]
[PlyCount "76"]
[EventDate "2005.03.??"]
[Source "Chessorg"]
[SourceDate "2005.12.10"]

1. d4 d5 2. Nf3 f5 3. e3 Nf6 4. Bd3 e6 5. Nbd2 Bd6 6. O-O Nbd7 7. Ng5 Qe7 8. f4
O-O 9. c4 c6 10. a3 Ne4 11. Qh5 Ndf6 12. Qd1 Ng4 13. Ndxe4 dxe4 14. Be2 Nf6 15.
Bd2 Bd7 16. Be1 Be8 17. h4 h6 18. Nh3 Qf7 19. Kh1 Qg6 20. Rg1 Ng4 21. Qb3 Rb8
22. Rc1 Bf7 23. g3 h5 24. c5 Be7 25. Qc3 Bd8 26. b4 a6 27. a4 Be8 28. Rb1 Ra8
29. Bc4 Kh8 30. Qb3 Bd7 31. a5 Re8 32. Rb2 Nf6 33. Rh2 Ng4 34. Rhg2 Kh7 35. Be2
Kh6 36. Ng5 Rh8 37. Bxg4 hxg4 38. Rh2 Kh5 1/2-1/2

[Event "21.Wörishofen-Seniorenen op"]
[Site "Bad Wörishofen (03.03.-11.03)"]
[Date "2005.03.05"]
[Round "3.70"]
[White "Weber, Siegfried[27Fechh']"]
[Black "Block, Herbert"]
[Result "0-1"]
[WhiteElo "1554"]
[BlackElo "1402"]
[PlyCount "53"]
[EventDate "2005.03.??"]
[Source "Chessorg"]
[SourceDate "2005.12.10"]

1. e4 e5 2. Nf3 d6 3. d4 exd4 4. Qxd4 Nc6 5. Bb5 Bd7 6. Bxc6 Bxc6 7. O-O Be7 8.
Qd3 h6 9. Re1 Qd7 10. c4 O-O-O 11. Nc3 Nf6 12. Nd5 g5 13. Nd4 Ng4 14. Qa3 Kb8
15. Bd2 Ne5 16. Rac1 g4 17. Be3 Bg5 18. Nxc6+ Nxc6 19. b4 Bxe3 20. Qxe3 Ne5 21.
Qd4 c6 22. Nf4 h5 23. Rc3 h4 24. c5 Qe7 25. Nd3 h3 26. cxd6 Nxd3 27. Rxd3 0-1

[Event "21.Wörishofen-Seniorenen op"]
[Site "Bad Wörishofen (03.03.-11.03)"]
[Date "2005.03.05"]
[Round "3.71"]
[White "Bartlitz, Heinz"]
[Black "Grimski, Wilfried"]
[Result "1-0"]
[WhiteElo "1567"]
[BlackElo "1257"]
[PlyCount "55"]
[EventDate "2005.03.??"]
[Source "Chessorg"]
[SourceDate "2005.12.10"]

1. e4 e5 2. Nf3 d6 3. Bc4 Qe7 4. d3 Nf6 5. h3 h6 6. Nbd2 Be6 7. Bb3 Bxb3 8.
axb3 Nc6 9. c3 Qd7 10. O-O Be7 11. Re1 O-O 12. Nf1 a6 13. Ne3 Nd8 14. Nf5 Ne6
15. Nh2 Rfe8 16. Qf3 c6 17. Qg3 Kh7 18. Ng4 Nh5 19. Qf3 Bg5 20. Nxe5 dxe5 21.
Bxg5 Nxg5 22. Qxh5 Qe6 23. h4 Qg6 24. Qg4 f6 25. hxg5 Qxg5 26. Qxg5 hxg5 27. g3
Rac8 28. Nd6 1-0

[Event "21.Wörishofen-Seniorenen op"]
[Site "Bad Wörishofen (03.03.-11.03)"]
[Date "2005.03.05"]
[Round "3.72"]
[White "Garbe, Heinz"]
[Black "Ludwig, Egbert"]
[Result "1/2-1/2"]
[WhiteElo "1464"]
[BlackElo "1098"]
[PlyCount "40"]
[EventDate "2005.03.??"]
[Source "Chessorg"]
[SourceDate "2005.12.10"]

1. d4 e6 2. Nf3 d5 3. e3 Nf6 4. Be2 c6 5. O-O Bd6 6. h3 O-O 7. Nbd2 c5 8. c3
Nc6 9. a3 Re8 10. Re1 e5 11. dxe5 Nxe5 12. Nxe5 Bxe5 13. Nf1 a6 14. Bf3 b5 15.
Qe2 Bb7 16. Rd1 Qc7 17. Bd2 Rad8 18. b4 c4 19. a4 Bc6 20. axb5 axb5 1/2-1/2

[Event "21.Wörishofen-Seniorenen op"]
[Site "Bad Wörishofen (03.03.-11.03)"]
[Date "2005.03.05"]
[Round "3.73"]
[White "Hennige, Anneliese"]
[Black "Sieghardt, Walter"]
[Result "0-1"]
[WhiteElo "1034"]
[BlackElo "1513"]
[PlyCount "82"]
[EventDate "2005.03.??"]
[Source "Chessorg"]
[SourceDate "2005.12.10"]

1. e4 e6 2. Nf3 c5 3. Nc3 a6 4. Bd3 Nc6 5. O-O b5 6. Ne2 c4 7. Bxc4 bxc4 8. c3
Bc5 9. Qa4 Na5 10. Ned4 Bb7 11. Re1 Ne7 12. Ne5 Bxd4 13. cxd4 Nec6 14. Nxc4
Nxc4 15. Qxc4 O-O 16. d5 Na5 17. Qc5 d6 18. Qd4 e5 19. Qc3 Rc8 20. Qd3 Qb6 21.
Rb1 Ba8 22. b4 Nc4 23. Qe2 Qb5 24. d3 Nb6 25. Be3 Na4 26. Bd2 Rc2 27. Rbc1 Rfc8
28. Red1 Nb2 29. Rxc2 Rxc2 30. Rc1 Rxc1+ 31. Bxc1 Nxd3 32. Bd2 Nb2 33. Qg4 Qe8
34. Bh6 Qf8 35. Be3 Nc4 36. Bc1 Bb7 37. h4 Bc8 38. Qe2 Nb6 39. h5 f5 40. exf5
Qxf5 41. g4 Qxg4+ 0-1

[Event "21.Wörishofen-Seniorenen op"]
[Site "Bad Wörishofen (03.03.-11.03)"]
[Date "2005.03.06"]
[Round "4.1"]
[White "Goy, Udo"]
[Black "Kripp, Wolfgang"]
[Result "1-0"]
[WhiteElo "2163"]
[BlackElo "2038"]
[PlyCount "107"]
[EventDate "2005.03.??"]
[Source "Chessorg"]
[SourceDate "2005.12.10"]

1. d4 Nf6 2. Nf3 e6 3. g3 d5 4. Bg2 c5 5. O-O Nc6 6. c4 cxd4 7. Nxd4 Bc5 8. Nb3
Be7 9. cxd5 exd5 10. Nc3 Be6 11. Bg5 O-O 12. Nd4 h6 13. Bf4 Bd6 14. Nxe6 fxe6
15. Bxd6 Qxd6 16. Rc1 Rad8 17. Qa4 a6 18. e3 Ne5 19. Qd4 Rd7 20. f4 Nc6 21. Qb6
Ne7 22. Qxd6 Rxd6 23. e4 Ng4 24. exd5 Ne3 25. Rfe1 Nxg2 26. Kxg2 Nxd5 27. Ne4
Rb6 28. b3 Kf7 29. Rc2 Rd8 30. Kf3 Ke7 31. Rd1 Rd7 32. Rc8 Rc7 33. Rxc7+ Nxc7
34. Nc5 Nd5 35. f5 Nc3 36. Rd7+ Ke8 37. Rxg7 exf5 38. a3 Nb5 39. Rxb7 Rc6 40.
b4 Nxa3 41. Ra7 Nc2 42. Nxa6 Rb6 43. Nc7+ Kf8 44. Nd5 Rb5 45. Ra5 Rb7 46. Ra2
Nd4+ 47. Kf4 Rb5 48. Ra5 Rb7 49. Ra8+ Kf7 50. Rc8 Rb5 51. Ke5 Ne6 52. Rc6 Nf8
53. Rf6+ Kg7 54. Rxf5 1-0

[Event "21.Wörishofen-Seniorenen op"]
[Site "Bad Wörishofen (03.03.-11.03)"]
[Date "2005.03.06"]
[Round "4.2"]
[White "Igney, Volkhard"]
[Black "Budt, Karl-Heinz"]
[Result "1/2-1/2"]
[WhiteElo "2178"]
[BlackElo "2002"]
[PlyCount "35"]
[EventDate "2005.03.??"]
[Source "Chessorg"]
[SourceDate "2005.12.10"]

1. d4 Nf6 2. c4 e6 3. Nc3 d5 4. Bg5 Be7 5. cxd5 Nxd5 6. Bxe7 Qxe7 7. e4 Nxc3 8.
bxc3 O-O 9. Nf3 c5 10. Rb1 b6 11. Bd3 Bb7 12. O-O Nd7 13. Qc2 cxd4 14. cxd4 e5
15. Nxe5 Nxe5 16. dxe5 Qxe5 17. Rb5 Qd4 18. Rh5 1/2-1/2

[Event "21.Wörishofen-Seniorenen op"]
[Site "Bad Wörishofen (03.03.-11.03)"]
[Date "2005.03.06"]
[Round "4.3"]
[White "Riedel, Lutz"]
[Black "Villing, Dieter"]
[Result "0-1"]
[WhiteElo "2010"]
[BlackElo "2163"]
[PlyCount "50"]
[EventDate "2005.03.??"]
[Source "Chessorg"]
[SourceDate "2005.12.10"]

1. d4 d6 2. e3 e5 3. d5 f5 4. c4 Nf6 5. Nc3 Be7 6. Nge2 O-O 7. Bd2 Nbd7 8. Qc2
Nc5 9. b4 Nce4 10. f3 Nxd2 11. Qxd2 c6 12. a4 Bd7 13. Nc1 Qe8 14. Nb3 Rc8 15.
a5 Qg6 16. a6 b6 17. dxc6 Bxc6 18. Nd5 Nxd5 19. cxd5 Bd7 20. Kf2 Bh4+ 21. Ke2
e4 22. Nd4 f4 23. Nc6 Rce8 24. exf4 exf3+ 25. Kd1 Re1+ 0-1

[Event "21.Wörishofen-Seniorenen op"]
[Site "Bad Wörishofen (03.03.-11.03)"]
[Date "2005.03.06"]
[Round "4.4"]
[White "Wunderer, Eckart"]
[Black "Bierwisch, Bernhard"]
[Result "1/2-1/2"]
[WhiteElo "2006"]
[BlackElo "2117"]
[PlyCount "21"]
[EventDate "2005.03.??"]
[Source "Chessorg"]
[SourceDate "2005.12.10"]

1. e4 c5 2. Nc3 Nc6 3. g3 g6 4. Bg2 Bg7 5. d3 e6 6. Be3 d6 7. f4 Nd4 8. Nf3 Ne7
9. O-O O-O 10. Bf2 Nec6 11. Rb1 1/2-1/2

[Event "21.Wörishofen-Seniorenen op"]
[Site "Bad Wörishofen (03.03.-11.03)"]
[Date "2005.03.06"]
[Round "4.5"]
[White "Papenbrock, Volker"]
[Black "Hein, Manfred[36Gunzenh]"]
[Result "1/2-1/2"]
[WhiteElo "2085"]
[BlackElo "2038"]
[PlyCount "39"]
[EventDate "2005.03.??"]
[Source "Chessorg"]
[SourceDate "2005.12.10"]

1. d4 d5 2. Nf3 c6 3. Bf4 Bf5 4. c4 e6 5. Qb3 Qb6 6. c5 Qxb3 7. axb3 Bxb1 8.
Rxb1 Nf6 9. Ra1 Nbd7 10. h3 Be7 11. e3 O-O 12. b4 a6 13. Bd3 Rac8 14. Nd2 Bd8
15. Nb3 Bc7 16. O-O Nh5 17. Bxc7 Rxc7 18. g4 Nhf6 19. f4 g6 20. Kg2 1/2-1/2

[Event "21.Wörishofen-Seniorenen op"]
[Site "Bad Wörishofen (03.03.-11.03)"]
[Date "2005.03.06"]
[Round "4.6"]
[White "Zunker, Reinhard,Dr."]
[Black "Mentel, Juergen,Dr."]
[Result "1-0"]
[WhiteElo "2122"]
[BlackElo "1963"]
[PlyCount "69"]
[EventDate "2005.03.??"]
[Source "Chessorg"]
[SourceDate "2005.12.10"]

1. e4 c5 2. Nf3 a6 3. c4 Nc6 4. d4 cxd4 5. Nxd4 Nf6 6. Nc3 g6 7. Be3 d6 8. Be2
Bg7 9. O-O Bd7 10. Qd2 Ng4 11. Bxg4 Bxg4 12. f4 Bd7 13. Nd5 e6 14. Nxc6 Bxc6
15. Bb6 Qd7 16. Nc7+ Ke7 17. Nxa8 Rxa8 18. Rfe1 Kf8 19. Rad1 d5 20. Bd4 Bh6 21.
Qf2 Kg8 22. Qh4 Bg7 23. Bxg7 Kxg7 24. exd5 exd5 25. cxd5 Bb5 26. Qe7 Qf5 27.
Qe5+ Qxe5 28. fxe5 Rc8 29. Rd2 Rc5 30. b3 Bd7 31. Re4 Rc1+ 32. Kf2 Bb5 33. a4
Rf1+ 34. Ke3 Bd7 35. Kd4 1-0

[Event "21.Wörishofen-Seniorenen op"]
[Site "Bad Wörishofen (03.03.-11.03)"]
[Date "2005.03.06"]
[Round "4.7"]
[White "Neese, Hans-Joachim"]
[Black "Fischer, Ernst[37Weiden]"]
[Result "1/2-1/2"]
[WhiteElo "2100"]
[BlackElo "1940"]
[PlyCount "62"]
[EventDate "2005.03.??"]
[Source "Chessorg"]
[SourceDate "2005.12.10"]

1. d4 Nf6 2. c4 e6 3. Nf3 Bb4+ 4. Nbd2 b6 5. a3 Bxd2+ 6. Bxd2 Bb7 7. Bg5 d6 8.
e3 Nbd7 9. Nd2 h6 10. Bh4 g5 11. Bg3 Ne4 12. Nxe4 Bxe4 13. f3 Bb7 14. Bd3 Qe7
15. Qe2 f5 16. O-O-O O-O-O 17. b4 Qf6 18. Qb2 h5 19. Be1 h4 20. Rf1 Qg6 21. h3
Rhf8 22. Bc3 Qh6 23. Qe2 Kb8 24. Rf2 Rde8 25. Qc2 Qg6 26. Kb2 e5 27. d5 e4 28.
fxe4 fxe4 29. Bf1 Rxf2 30. Qxf2 Rf8 31. Qc2 Bc8 1/2-1/2

[Event "21.Wörishofen-Seniorenen op"]
[Site "Bad Wörishofen (03.03.-11.03)"]
[Date "2005.03.06"]
[Round "4.8"]
[White "Rahn, Oskar"]
[Black "Minz, Michael"]
[Result "0-1"]
[WhiteElo "2000"]
[BlackElo "2055"]
[PlyCount "148"]
[EventDate "2005.03.??"]
[Source "Chessorg"]
[SourceDate "2005.12.10"]

1. d4 d5 2. Nf3 Nc6 3. Bf4 Bg4 4. Nbd2 e6 5. e3 Bd6 6. Bxd6 Qxd6 7. c3 Nf6 8.
Qa4 O-O 9. Bb5 Ne7 10. Bd3 Bf5 11. Qc2 Bxd3 12. Qxd3 c5 13. O-O cxd4 14. exd4
Qf4 15. Qe3 Qxe3 16. fxe3 Nf5 17. Rfe1 Nd6 18. Ne5 Rac8 19. a4 Nfe4 20. Nxe4
Nxe4 21. Kf1 Rc7 22. Ke2 f6 23. Nf3 Kf7 24. Nd2 Nd6 25. Kd3 f5 26. Rf1 Nc4 27.
b3 Nxd2 28. Kxd2 Rfc8 29. Rac1 Ke7 30. Kd3 Kd6 31. c4 b6 32. Rf2 g6 33. Rfc2 e5
34. dxe5+ Kxe5 35. g3 g5 36. h3 h6 37. Rc3 dxc4+ 38. bxc4 Rc5 39. Rb3 Rd8+ 40.
Ke2 Ke4 41. Rbc3 Rdc8 42. R1c2 h5 43. Rc1 h4 44. gxh4 gxh4 45. Rf1 Rxc4 46.
Rf4+ Kd5 47. Rd3+ Ke5 48. Rdd4 Rc2+ 49. Rd2 Rc1 50. Rxh4 Rh1 51. Kf3 Rf1+ 52.
Ke2 Rcc1 53. Rb4 Rh1 54. h4 Rc3 55. Rd8 Rh2+ 56. Kf3 Rh3+ 57. Kg2 Rhxe3 58.
Re8+ Kf6 59. Rxe3 Rxe3 60. Kf2 Ra3 61. Kg2 Rc3 62. a5 bxa5 63. Rb7 a4 64. Rxa7
a3 65. Ra6+ Kg7 66. h5 Rc2+ 67. Kf3 Ra2 68. Kf4 Ra1 69. Kg5 a2 70. Ra7+ Kf8 71.
Kf6 Kg8 72. h6 f4 73. Ra8+ Kh7 74. Ra7+ Kxh6 0-1

[Event "21.Wörishofen-Seniorenen op"]
[Site "Bad Wörishofen (03.03.-11.03)"]
[Date "2005.03.06"]
[Round "4.9"]
[White "Weigel, Herbert"]
[Black "Hoennekes, Klaus"]
[Result "0-1"]
[WhiteElo "1948"]
[BlackElo "2011"]
[PlyCount "96"]
[EventDate "2005.03.??"]
[Source "Chessorg"]
[SourceDate "2005.12.10"]

1. e4 c6 2. d4 d5 3. exd5 cxd5 4. c4 e6 5. Nc3 Nf6 6. Nf3 Be7 7. Bg5 O-O 8. c5
b6 9. b4 a5 10. a3 axb4 11. axb4 Rxa1 12. Qxa1 bxc5 13. bxc5 Bd7 14. Bd3 h6 15.
Bf4 Nc6 16. O-O g5 17. Be3 Ng4 18. Qd1 f5 19. h3 Nf6 20. Bb5 Ne4 21. Nxe4 fxe4
22. Nh2 Kg7 23. Ng4 Rf5 24. f3 exf3 25. Rxf3 Bf6 26. Nh2 Qa5 27. Bxc6 Bxc6 28.
Ng4 Ba4 29. Qf1 Bb5 30. Qf2 Rxf3 31. Qxf3 Qa1+ 32. Kh2 Bxd4 33. h4 Be5+ 34.
Nxe5 Qxe5+ 35. Qg3 Qxg3+ 36. Kxg3 gxh4+ 37. Kxh4 e5 38. Kg4 Kg6 39. g3 Be2+ 40.
Kh3 h5 41. Kg2 d4 42. Bc1 Kf5 43. Kf2 Bb5 44. Bh6 Ke4 45. Bg7 Kd5 46. Ke1 e4
47. Bf8 e3 48. Be7 d3 0-1

[Event "21.Wörishofen-Seniorenen op"]
[Site "Bad Wörishofen (03.03.-11.03)"]
[Date "2005.03.06"]
[Round "4.10"]
[White "Schmid, Hermann[39Peiting]"]
[Black "Wild, Gerhard[33Ladenb]"]
[Result "1/2-1/2"]
[WhiteElo "2055"]
[BlackElo "1870"]
[PlyCount "91"]
[EventDate "2005.03.??"]
[Source "Chessorg"]
[SourceDate "2005.12.10"]

1. d4 d5 2. Nf3 Nf6 3. e3 Bg4 4. c4 e6 5. Qb3 Qc8 6. Ne5 Bf5 7. Nc3 c6 8. Be2
h6 9. O-O Nbd7 10. f4 Be7 11. Bd2 Qc7 12. Be1 Qb6 13. Qxb6 axb6 14. a3 O-O 15.
Bh4 Rfe8 16. Nxd7 Nxd7 17. Bxe7 Rxe7 18. Rac1 Nf6 19. h3 Ne4 20. Nxe4 Bxe4 21.
Rc3 dxc4 22. Bxc4 b5 23. Bb3 g6 24. Kf2 Kg7 25. h4 h5 26. Bc2 Bxc2 27. Rxc2 Rd8
28. Rd1 Red7 29. Kf3 f5 30. Ke2 Kf6 31. a4 bxa4 32. Ra1 Ra8 33. Rc4 Rad8 34.
Rcxa4 c5 35. Rd1 b5 36. Ra5 cxd4 37. Rxb5 d3+ 38. Kf3 Rc8 39. Rd2 Rc2 40. Rxc2
dxc2 41. Rc5 Rd2 42. b4 Ke7 43. b5 Rd5 44. Rc7+ Kd6 45. Rxc2 Rxb5 46. Rc8
1/2-1/2

[Event "21.Wörishofen-Seniorenen op"]
[Site "Bad Wörishofen (03.03.-11.03)"]
[Date "2005.03.06"]
[Round "4.11"]
[White "Fischer, Johann[35München]"]
[Black "Czeitschner, Roland"]
[Result "1-0"]
[WhiteElo "2238"]
[BlackElo "1766"]
[PlyCount "85"]
[EventDate "2005.03.??"]
[Source "Chessorg"]
[SourceDate "2005.12.10"]

1. c4 Nf6 2. Nc3 d5 3. cxd5 Nxd5 4. g3 g6 5. Bg2 c6 6. Nf3 Bg7 7. O-O O-O 8. d4
Nd7 9. e4 Nxc3 10. bxc3 e5 11. a4 Re8 12. d5 cxd5 13. exd5 Nb6 14. Ng5 h6 15.
a5 Nc4 16. Qa4 Nd6 17. Ne4 Bf5 18. Nxd6 Qxd6 19. Ba3 Qd7 20. Qxd7 Bxd7 21. Rab1
b5 22. axb6 axb6 23. Bd6 b5 24. Rfc1 Bf8 25. Bxf8 Kxf8 26. Bf1 Reb8 27. Rb3 Ke7
28. Rcb1 Rc8 29. Bxb5 Bxb5 30. Rxb5 Rxc3 31. Rb7+ Kd6 32. Rxf7 Kxd5 33. Rf6 Rg8
34. Rbb6 h5 35. Rxg6 Rxg6 36. Rxg6 Rc6 37. Rg5 Ke4 38. Rxh5 Rf6 39. Kg2 Kd4 40.
h4 Rb6 41. Rg5 Rb2 42. Rf5 e4 43. Kh3 1-0

[Event "21.Wörishofen-Seniorenen op"]
[Site "Bad Wörishofen (03.03.-11.03)"]
[Date "2005.03.06"]
[Round "4.12"]
[White "Selg, Rudolf"]
[Black "Packroff, Hermann"]
[Result "0-1"]
[WhiteElo "1807"]
[BlackElo "2103"]
[PlyCount "48"]
[EventDate "2005.03.??"]
[Source "Chessorg"]
[SourceDate "2005.12.10"]

1. e4 Nf6 2. e5 Nd5 3. d4 d6 4. Nf3 dxe5 5. Nxe5 c6 6. c4 Nb4 7. Be3 Bf5 8. Nd3
e5 9. Nxb4 Bxb1 10. Rxb1 Bxb4+ 11. Bd2 Bxd2+ 12. Qxd2 Qxd4 13. Qxd4 exd4 14. c5
Nd7 15. b4 a5 16. a3 axb4 17. axb4 O-O 18. Rd1 Rfe8+ 19. Be2 Ra2 20. Rd2 Ra1+
21. Rd1 Rxd1+ 22. Kxd1 Ra8 23. Re1 Ra4 24. Bg4 Nf6 0-1

[Event "21.Wörishofen-Seniorenen op"]
[Site "Bad Wörishofen (03.03.-11.03)"]
[Date "2005.03.06"]
[Round "4.13"]
[White "Fahnenschmidt, Gerhard,Dr."]
[Black "Tochtermann, Georg,Dr."]
[Result "1-0"]
[WhiteElo "2020"]
[BlackElo "1789"]
[PlyCount "48"]
[EventDate "2005.03.??"]
[Source "Chessorg"]
[SourceDate "2005.12.10"]

1. d4 Nf6 2. c4 e6 3. Nc3 Bb4 4. e3 b6 5. Bd3 Bb7 6. Nge2 O-O 7. O-O c5 8. d5
e5 9. Nb5 d6 10. a3 Ba5 11. b4 cxb4 12. axb4 Bxb4 13. Nxa7 Bc5 14. Bb2 Na6 15.
Nb5 Qd7 16. Ng3 g6 17. Qb3 Nc7 18. Nc3 Rfb8 19. Nge4 Nce8 20. Nxc5 bxc5 21.
Rxa8 Rxa8 22. Rc1 Bc8 23. f4 Qe7 24. e4 exf4 1-0

[Event "21.Wörishofen-Seniorenen op"]
[Site "Bad Wörishofen (03.03.-11.03)"]
[Date "2005.03.06"]
[Round "4.14"]
[White "Will, Michael[40Naumb]"]
[Black "Delander, Adolf"]
[Result "1/2-1/2"]
[WhiteElo "1753"]
[BlackElo "2030"]
[PlyCount "77"]
[EventDate "2005.03.??"]
[Source "Chessorg"]
[SourceDate "2005.12.10"]

1. d4 d5 2. Nf3 Nf6 3. c4 e6 4. e3 Be7 5. Nc3 O-O 6. Bd3 dxc4 7. Bxc4 a6 8. Bd3
b5 9. O-O Bb7 10. Bd2 Nbd7 11. Be2 c5 12. dxc5 Nxc5 13. Nd4 Qb6 14. Bf3 Rfd8
15. Qc2 Rac8 16. Rad1 Nce4 17. Qb1 Nxd2 18. Rxd2 Bb4 19. Bxb7 Qxb7 20. Rc2 Bxc3
21. Rxc3 Rxc3 22. bxc3 Qc7 23. Qb3 Nd5 24. Rc1 Rc8 25. Ne2 Qc4 26. Qxc4 Rxc4
27. g3 Kf8 28. Kf1 Ke7 29. Ke1 e5 30. Kd2 Nf6 31. h3 Ne4+ 32. Ke1 Ra4 33. Rc2
f6 34. f3 Nc5 35. e4 h5 36. Kd2 g5 37. g4 h4 38. Nc1 Ne6 39. Ne2 1/2-1/2

[Event "21.Wörishofen-Seniorenen op"]
[Site "Bad Wörishofen (03.03.-11.03)"]
[Date "2005.03.06"]
[Round "4.15"]
[White "Vorderbruegge, Franz-Josef"]
[Black "Kraft, Hans"]
[Result "1/2-1/2"]
[WhiteElo "1729"]
[BlackElo "2052"]
[PlyCount "93"]
[EventDate "2005.03.??"]
[Source "Chessorg"]
[SourceDate "2005.12.10"]

1. d4 Nf6 2. c4 g6 3. Nc3 Bg7 4. Nf3 d6 5. e4 O-O 6. g3 a6 7. Bg2 Nc6 8. O-O
Rb8 9. d5 Na5 10. Qd3 c5 11. Re1 b5 12. cxb5 axb5 13. h3 b4 14. Ne2 Nd7 15. Nf4
Ne5 16. Nxe5 Bxe5 17. Rb1 c4 18. Qc2 Ba6 19. Be3 b3 20. axb3 Nxb3 21. Ne2 Bb5
22. Nc3 Bd7 23. Ne2 Qc7 24. Red1 Rfc8 25. Nc3 Nc5 26. Kh2 Bg7 27. Bf1 Nb3 28.
Bg2 h5 29. Bf3 h4 30. Kg2 hxg3 31. fxg3 Be5 32. Bf2 Kg7 33. Be3 f6 34. Ne2 Rh8
35. g4 Ba4 36. Nc3 Bd7 37. Qe2 g5 38. Qc2 Rh7 39. Qf2 Rxh3 40. Rh1 Rg3+ 41. Kf1
Bxg4 42. Bxg4 Rxg4 43. Qf5 Rh4 44. Rxh4 gxh4 45. Qg4+ Kf7 46. Qh5+ Kg8 47. Qg6+
1/2-1/2

[Event "21.Wörishofen-Seniorenen op"]
[Site "Bad Wörishofen (03.03.-11.03)"]
[Date "2005.03.06"]
[Round "4.16"]
[White "Josting, Friedel"]
[Black "Schumacher, Helmut[31Aachen]"]
[Result "1/2-1/2"]
[WhiteElo "1886"]
[BlackElo "2022"]
[PlyCount "47"]
[EventDate "2005.03.??"]
[Source "Chessorg"]
[SourceDate "2005.12.10"]

1. d4 d5 2. Nf3 c6 3. c3 Bf5 4. e3 Nd7 5. Bd3 Bg6 6. O-O Ngf6 7. Bxg6 hxg6 8.
Nbd2 Qc7 9. Qe2 Ne4 10. c4 e6 11. g3 Be7 12. Nxe4 dxe4 13. Nd2 Nf6 14. f3 exf3
15. Qxf3 O-O-O 16. Ne4 Nxe4 17. Qxe4 Bd6 18. Qf3 f5 19. e4 Rh5 20. e5 Be7 21.
Be3 Rdh8 22. Rf2 Qa5 23. a3 g5 24. Qe2 1/2-1/2

[Event "21.Wörishofen-Seniorenen op"]
[Site "Bad Wörishofen (03.03.-11.03)"]
[Date "2005.03.06"]
[Round "4.17"]
[White "Lubberich, Alfred,Dr."]
[Black "Richter, Gerhard,Dr.[28Marb]"]
[Result "0-1"]
[WhiteElo "1667"]
[BlackElo "1757"]
[PlyCount "64"]
[EventDate "2005.03.??"]
[Source "Chessorg"]
[SourceDate "2005.12.10"]

1. d4 f5 2. c4 Nf6 3. Nc3 d6 4. Nf3 g6 5. Bf4 Bg7 6. e3 O-O 7. Be2 Nh5 8. O-O
c6 9. Re1 Qe8 10. d5 c5 11. Ng5 Nxf4 12. exf4 Na6 13. Ne6 Bxe6 14. dxe6 Nc7 15.
Bf3 Rb8 16. Rb1 b5 17. Qd3 bxc4 18. Qd2 Kh8 19. Nd5 Nxd5 20. Bxd5 Qa4 21. b3
cxb3 22. Bxb3 Qb4 23. Qc2 Qxf4 24. g3 Qb4 25. Bd5 Qa5 26. a4 Qc3 27. Qa2 Rb2
28. Re3 Rxa2 29. Rxc3 Rxa4 30. Rcb3 Bf6 31. Rb8 Rxb8 32. Rxb8+ Kg7 0-1